Evenings near the village of Dikanka / (Record no. 190881)
[ view plain ]
| 000 -LEADER | |
|---|---|
| fixed length control field | 00746 a2200169 4500 |
| 003 - CONTROL NUMBER IDENTIFIER | |
| control field | Nust |
| 005 - DATE AND TIME OF LATEST TRANSACTION | |
| control field | 20230329130129.0 |
| 008 - FIXED-LENGTH DATA ELEMENTS--GENERAL INFORMATION | |
| fixed length control field | 230329b ||||| |||| 00| 0 eng d |
| 040 ## - CATALOGING SOURCE | |
| Transcribing agency | Nust |
| 082 ## - DEWEY DECIMAL CLASSIFICATION NUMBER | |
| Classification number | 800,PAN |
| 100 ## - MAIN ENTRY--PERSONAL NAME | |
| Personal name | Gogol, Nikolai |
| 9 (RLIN) | 111563 |
| 245 ## - TITLE STATEMENT | |
| Title | Evenings near the village of Dikanka / |
| Statement of responsibility, etc. | Nikolai Gogol, |
| 260 ## - PUBLICATION, DISTRIBUTION, ETC. | |
| Place of publication, distribution, etc. | Moscow, |
| Name of publisher, distributor, etc. | Foreign Languages Pub. House |
| Date of publication, distribution, etc. | [1957] |
| 300 ## - PHYSICAL DESCRIPTION | |
| Extent | 276 p. |
| Other physical details | illus., |
| Dimensions | port. |
| Accompanying material | 21 cm |
| 505 ## - FORMATTED CONTENTS NOTE | |
| Formatted contents note | The Fair at Sorochintsi (Page-17), Saint John Eva (Page-49), A May Night ,or The Drowned Maiden (Page-69), The Lost Letter (Page-106), Christmas Eva (Page-127), A Terrible Revenge (Page-184), Ivan Fyodorovich Shponka and his Aunt (Page-235), A Place Bewitched (Page-167). |
| 942 ## - ADDED ENTRY ELEMENTS (KOHA) | |
| Source of classification or shelving scheme | |
| Koha item type | Book |
| Call number prefix | 800,PAN |
| Withdrawn status | Lost status | Source of classification or shelving scheme | Damaged status | Not for loan | Collection code | Permanent Location | Current Location | Date acquired | Total Checkouts | Full call number | Barcode | Date last seen | Price effective from | Koha item type | Public note |
|---|---|---|---|---|---|---|---|---|---|---|---|---|---|---|---|
| Military College of Signals (MCS) | Military College of Signals (MCS) | 12/12/2016 | 800 PAN | MCS76 | 12/08/2016 | 12/12/2016 | Book | Almirah No 75, Shelf No 3 |
